Aurora Borealis Countries Quiz Stats

Quiz not verified by Sporcle

Challenge
Share
Tweet
Score 0/10 Timer 00:30
0 Plays Today
Rank Country % Correct
6.Canada
95.7%
1.Norway
95.1%
2.Sweden
92.1%
3.Finland
92.1%
9.Russia
91.1%
5.United States (Alaska)
86.8%
4.Iceland
84.2%
7.Denmark (Greenland)
82.6%
10.Denmark
79.6%
8.United Kingdom (Scotland)
66.4%

You're not logged in!

Compare scores with friends on all Sporcle quizzes.
Join for Free
OR
Log In

You Might Also Like...

Show Comments

Extras

Top Quizzes Today


Score Distribution

Your Account Isn't Verified!

In order to create a playlist on Sporcle, you need to verify the email address you used during registration. Go to your Sporcle Settings to finish the process.

Report this User

Report this user for behavior that violates our Community Guidelines.

Details: